Obras completas. / (Registro nro. 16982)
[ vista simple ]
| 000 -CABECERA | |
|---|---|
| campo de control de longitud fija | 01171cam a22002531 4500 |
| 001 - NÚMERO DE CONTROL | |
| campo de control | 000017457 |
| 005 - FECHA Y HORA DE LA ÚLTIMA TRANSACCIÓN | |
| campo de control | 20200929165123.0 |
| 008 - DATOS DE LONGITUD FIJA--INFORMACIÓN GENERAL | |
| campo de control de longitud fija | 720831s1969 sp c 000 1 spa |
| 010 ## - NÚMERO DE CONTROL DE LA BIBLIOTECA DEL CONGRESO | |
| Número de control de LC | 74219502 |
| 035 ## - NÚMERO DE CONTROL DEL SISTEMA | |
| Número de control de sistema | (OCoLC)396760 |
| 040 ## - FUENTE DE LA CATALOGACIÓN | |
| Centro catalogador/agencia de origen | DO-SdBNP |
| Centro/agencia transcriptor | OAkU |
| Centro/agencia modificador | OCoLC |
| -- | NRU |
| -- | NBiSU |
| -- | DLC |
| 042 ## - CÓDIGO DE AUTENTICACIÓN | |
| Código de autenticación | premarc |
| 082 ## - NÚMERO DE LA CLASIFICACIÓN DECIMAL DEWEY | |
| Número de clasificación | G861.4408 |
| Número de documento/Ítem | A859ó 1968 |
| 100 1# - ENTRADA PRINCIPAL--NOMBRE DE PERSONA | |
| Nombre de persona | Asturias, Miguel Angel. |
| 9 (RLIN) | 38170 |
| 245 00 - MENCIÓN DE TÍTULO | |
| Título | Obras completas. / |
| Mención de responsabilidad, etc. | Prologo de Jose Maria Souviron. |
| 260 ## - PUBLICACIÓN, DISTRIBUCIÓN, ETC. | |
| Lugar de publicación, distribución, etc. | [Madrid] : |
| Nombre del editor, distribuidor, etc. | Aguilar, |
| Fecha de publicación, distribución, etc. | [1969]. |
| 300 ## - DESCRIPCIÓN FÍSICA | |
| Extensión | 3 v. : |
| Otras características físicas | ports. ; |
| Dimensiones | 19 cm. |
| 490 0# - MENCIÓN DE SERIE | |
| Mención de serie | Biblioteca Premios Nobel |
| 505 0# - NOTA DE CONTENIDO CON FORMATO | |
| Nota de contenido con formato | t. 1. Leyendas de Guatemala. El senor presidente. Hombres de maiz. Sien de alondra. Ejercicios peeticos sobre temas de Horacio. 3. ed.--t. 2. Viento fuerte. El papa verde. Week-end en Guatemala. !Americanos todos! Ocelotle 33. La galla. "El Bueyon." Cadaveres para la publicidad. Los agrarios. Torotumbo. 2. ed.--t. 3. Mulata de tal. Los ojos de los enterrados. El alhajaditto. 2. ed. |
| 650 #4 - PUNTO DE ACCESO ADICIONAL DE MATERIA--TÉRMINO DE MATERIA | |
| Término de materia o nombre geográfico como elemento de entrada | Poesía guatemalteca |
| Subdivisión general | Colecciones |
| 9 (RLIN) | 38171 |
| 650 #4 - PUNTO DE ACCESO ADICIONAL DE MATERIA--TÉRMINO DE MATERIA | |
| Término de materia o nombre geográfico como elemento de entrada | Literatura guatematelca |
| 9 (RLIN) | 38172 |
| 700 1# - PUNTO DE ACCESO ADICIONAL--NOMBRE DE PERSONA | |
| Nombre de persona | Souviron, Jose Maria, |
| Fechas asociadas al nombre | 1904- |
| 9 (RLIN) | 38173 |
| 910 ## - DATOS DE OPCIÓN DEL USUARIO (OCLC) | |
| Datos de opción del usuario | Catalogación derivada |
| Estado de retiro | Estado de pérdida | Restricciones de uso | No para préstamo | Código de colección | Localización permanente | Ubicación/localización actual | Ubicación en estantería | Fecha de adquisición | Número de inventario | Total de préstamos | Signatura topográfica completa | Código de barras | Fecha visto por última vez | Precio válido a partir de | Tipo de ítem Koha |
|---|---|---|---|---|---|---|---|---|---|---|---|---|---|---|---|
| Excluido de préstamo | Monografías: Libros y Folletos | General | General | En catalogación | 24.03.2010 | LF1 | G861.4408 A859ó 1968 | 17457-10 | 25.06.2020 | 25.06.2020 | No se presta |
